Εισαγωγή στη θεωρία θορύβου και εφαρμογές

Αποθηκεύτηκε σε:
Λεπτομέρειες βιβλιογραφικής εγγραφής
Κύριος συγγραφέας: Καρούμπαλος, Κώστας
Μορφή: Βιβλίο
Γλώσσα:Greek
Δημοσίευση: Αθήνα : [χ.ό.], 1990.
Θέματα:
Ετικέτες: Προσθήκη ετικέτας
Δεν υπάρχουν, Καταχωρήστε ετικέτα πρώτοι!

MARC

LEADER 00000cam a2200000 i 4500
001 1/28242
008 060413s1990####gr | ||| |||| ||gre||
035 |l 10083605 
040 |a GR-MyUA  |b gre  |e AACR2 
041 0 |a gre 
082 0 |a 621.38224  |2 (22) 
100 1 |a Καρούμπαλος, Κώστας. 
245 1 0 |a Εισαγωγή στη θεωρία θορύβου και εφαρμογές /   |c Κ. Καρούμπαλου.  
246 3 3 |i Άλλες παραλλαγές του τίτλου:   |a Θεωρία θορύβου 
260 |a Αθήνα :   |b [χ.ό.],   |c 1990.  
300 |a 265 σ. :   |b σχέδια ;   |c 24 εκ.  
504 |a Περιέχει βιβλιογραφικές αναφορές και ευρετήριο.  
650 0 0 |a Electronic noise. 
852 |a INST  |b SAMOS  |e 20060413  |h 621.38224 ΚΑΡ  |p 005300026073  |q 005300026073  |t BK  |y 0 
901 |a BIBL3-2006-1 
909 |a Σ  |b 124880 
970 |a ΚΟΣΙΕΡΗΣ  |b ΧΡΗΣΤΟΣ  |z 2006/04/13